Movies Quiz

Random Movies or Box Office Quiz

Top grossing movies by US percentage Quiz Stats

Quiz not verified by Sporcle

Also try: Basketball Movies
Challenge
Share
Tweet
Embed
Score 0/23 Timer 05:00
0 Plays Today
Year of Release Movie Title % Correct
1977Star Wars
93.2%
2008The Dark Knight
84.1%
1982ET
81.8%
1983Return of the Jedi
72.7%
1980The Empire Strikes Back
70.5%
1975Jaws
61.4%
2001Shrek
40.9%
2012The Hunger Games
38.6%
1973The Exorcist
38.6%
2008Iron Man
36.4%
2010Iron Man 2
34.1%
1990Home Alone
34.1%
Year of Release Movie Title % Correct
1999Toy Story 2
27.3%
2006Cars
25%
1991Beauty and the Beast
18.2%
2004The Passion of the Christ
13.6%
2009The Hangover
11.4%
2001Monsters, Inc
9.1%
2004Meet The Fockers
6.8%
2007The Bourne Ultimatum
4.5%
2000Cast Away
4.5%
2003Bruce Almighty
2.3%
2006X-Men: The Last Stand
2.3%

You're not logged in!

Compare scores with friends on all Sporcle quizzes.
Sign Up with Email
OR
Log In

You Might Also Like...

Show Comments

Extras

Top Quizzes Today


Score Distribution

Your Account Isn't Verified!

In order to create a playlist on Sporcle, you need to verify the email address you used during registration. Go to your Sporcle Settings to finish the process.